[Event "Geneve Cavaliers Fous op 7th"]
[Site "Geneve"]
[Date "2021.11.26"]
[Round "6"]
[White "Titov, Dmitry"]
[Black "Longepierre, Chloe"]
[Result "0-1"]
[WhiteElo "2128"]
[BlackElo "1597"]
[PlyCount "90"]
[EventDate "2021.09.17"]
[EventType "swiss"]
[EventRounds "7"]
[EventCountry "SUI"]
[SourceTitle "EXT 2023"]
[Source "ChessBase"]
[SourceDate "2022.10.05"]
[SourceVersion "1"]
[SourceVersionDate "2022.10.05"]
[SourceQuality "1"]

1. d4 d5 2. Bf4 Nf6 3. e3 c5 4. c3 Nc6 5. Nd2 e6 6. Bd3 Be7 7. Ngf3 cxd4 8. exd4 Nh5 9. Bg3 f5 10. Ne5 Nxg3 11. hxg3 Nxe5 12. dxe5 Qc7 13. f4 Bd7 14. Nf3 0-0-0 15. a4 g5 16. Nd4 Qb6 17. Qd2 a6 18. a5 Qc7 19. b4 gxf4 20. gxf4 Rdg8 21. Kf2 Rg7 22. b5 Rhg8 23. Rhg1 axb5 24. a6 bxa6 25. Rxa6 Bc5 26. g3 Kd8 27. Ra8+ Ke7 28. Rxg8 Rxg8 29. Kf3 Qb6 30. Qh2 Rg7 31. Ra1 Qb7 32. Qh4+ Ke8 33. Nxb5 d4+ 34. Ke2 Bxb5 35. Ra8+ Qxa8 36. Bxb5+ Kf7 37. Qf6+ Kg8 38. Qxe6+ Kh8 39. Qxf5 Qg2+ 40. Kd1 Qd5 41. c4 Qf3+ 42. Kc1 Ba3+ 43. Kd2 Qg2+ 44. Kd1 Qxg3 45. c5 Qb3+ 0-1

[Event "St Petersburg Autumn op"]
[Site "St Petersburg"]
[Date "2009.??.??"]
[Round "8"]
[White "Egorova, Ekaterina"]
[Black "Titov, Dmitry"]
[Result "1-0"]
[WhiteElo "2090"]
[BlackElo "2175"]
[PlyCount "63"]
[EventDate "2009.10.??"]
[EventType "swiss"]
[EventRounds "9"]
[EventCountry "RUS"]
[SourceTitle "EXT 2011"]
[Source "ChessBase"]
[SourceDate "2010.11.26"]
[SourceVersion "1"]
[SourceVersionDate "2010.11.26"]
[SourceQuality "1"]

1. e4 c5 2. Nf3 Nc6 3. d4 cxd4 4. Nxd4 Nf6 5. Nxc6 bxc6 6. Bd3 e6 7. 0-0 d5 8. e5 Nd7 9. f4 Qb6+ 10. Kh1 Ba6 11. Qe2 Bxd3 12. cxd3 Bc5 13. f5 0-0-0 14. Nc3 Bd4 15. Bf4 Rde8 16. Rfc1 Kb7 17. b4 exf5 18. b5 Bxc3 19. Rxc3 c5 20. d4 c4 21. Be3 Qe6 22. Ra3 Qe7 23. Ra6 f6 24. Qf3 Nb6 25. a4 fxe5 26. a5 e4 27. Qxf5 Rhf8 28. Rxb6+ axb6 29. Qxd5+ Kb8 30. axb6 Qb7 31. Qd6+ Kc8 32. Ra8+ 1-0

[Event "St Petersburg Autumn op"]
[Site "St Petersburg"]
[Date "2009.??.??"]
[Round "4"]
[White "Kalyanov, Yury"]
[Black "Titov, Dmitry"]
[Result "1/2-1/2"]
[WhiteElo "1880"]
[BlackElo "2175"]
[PlyCount "100"]
[EventDate "2009.10.??"]
[EventType "swiss"]
[EventRounds "9"]
[EventCountry "RUS"]
[SourceTitle "EXT 2011"]
[Source "ChessBase"]
[SourceDate "2010.11.26"]
[SourceVersion "1"]
[SourceVersionDate "2010.11.26"]
[SourceQuality "1"]

1. d4 d5 2. c4 e6 3. Nc3 Nf6 4. Bg5 Nbd7 5. e3 c6 6. cxd5 exd5 7. Bd3 Be7 8. Nf3 0-0 9. 0-0 Re8 10. Qc2 Nf8 11. a3 a5 12. Ne5 Ng4 13. Bf4 Bd6 14. Nxg4 Bxg4 15. Bxd6 Qxd6 16. Rac1 Re6 17. Ne2 Rh6 18. Ng3 Qf6 19. h3 Bd7 20. Bf5 Ne6 21. Qe2 Nxd4 22. exd4 Bxf5 23. Nxf5 Qxf5 24. Qe7 Qc8 25. Rfe1 Rg6 26. Rc3 Qd8 27. Qxb7 Rb8 28. Rce3 h6 29. Qxb8 Qxb8 30. Re8+ Qxe8 31. Rxe8+ Kh7 32. Ra8 Re6 33. Rxa5 Re1+ 34. Kh2 Re2 35. b4 Rxf2 36. Rc5 Rd2 37. Rxc6 Rxd4 38. b5 Ra4 39. Ra6 Rc4 40. b6 Rc3 41. Ra5 Rb3 42. Rxd5 Rxb6 43. a4 Rb3 44. Rb5 Ra3 45. a5 Ra2 46. h4 g6 47. Kg3 Ra4 48. h5 gxh5 49. Rxh5 Kg6 50. Rb5 f6 1/2-1/2

[Event "St Petersburg Autumn op"]
[Site "St Petersburg"]
[Date "2009.??.??"]
[Round "7"]
[White "Titov, Dmitry"]
[Black "Komarov, Andrei"]
[Result "1-0"]
[WhiteElo "2175"]
[BlackElo "2020"]
[PlyCount "67"]
[EventDate "2009.10.??"]
[EventType "swiss"]
[EventRounds "9"]
[EventCountry "RUS"]
[SourceTitle "EXT 2011"]
[Source "ChessBase"]
[SourceDate "2010.11.26"]
[SourceVersion "1"]
[SourceVersionDate "2010.11.26"]
[SourceQuality "1"]

1. d4 Nf6 2. c4 d6 3. Nc3 c6 4. e4 e5 5. d5 Be7 6. g3 0-0 7. Bg2 Nbd7 8. Nge2 cxd5 9. cxd5 a5 10. 0-0 Nc5 11. Be3 Nfd7 12. f4 exf4 13. gxf4 Re8 14. Ng3 Bf8 15. Bd4 Nf6 16. Bxc5 dxc5 17. h3 c4 18. Kh2 h5 19. Nxh5 Nxh5 20. Qxh5 Ra6 21. e5 Rh6 22. Qf3 Bf5 23. Ne4 b5 24. Rad1 Qc8 25. Qe3 Bxe4 26. Bxe4 Bc5 27. Qf3 Qd8 28. d6 Qb6 29. Rfe1 Bd4 30. Re2 b4 31. Bd5 Rg6 32. Bxf7+ Kxf7 33. Qd5+ Kf8 34. Qxd4 1-0